• 首页
  • 本馆介绍
  • 公告通知
  • 最新文献
  • 馆藏检索
  • 电子资源
  • 读者导购
  • 参考咨询
  • 我的图书馆
  • 登录
  • 详细信息显示
  • 放入我的书架
  • 预约/预借图书
  • 作者相关作品
  • 分类相关作品
  • 丛书相关作品
  • 出版社相关作品

书目信息

  • 表格格式
  • 工作单格式
  • 卡片格式
题名:
概率论基础
    
 
作者: 严士健 著
分册:  
出版信息: 北京   科学出版社  1982.08
页数: 483页
开本: 20cm
丛书名: 现代数学基础丛书
单 册:
中图分类: O211.1
科图分类:
主题词: 概率论
电子资源:
ISBN:
000 00619nam2 2200241 45
001 0009271541
005 20060630084155.06
010    @dCNY2.80
091    @a13031.1949
100    @a20000927d1982 km y0chiy0120 ea
101 0  @achi
102    @aCN@b110000
102    @aCN@b110000
200 1  @a概率论基础@AGai Lu Lun Ji Chu@f严士健等著@FYan Shi Jian Deng Zhu
210    @a北京@c科学出版社@d1982.08
215    @a483页@d20cm
225    @a现代数学基础丛书
410    @12001 @a现代数学基础丛书
606 0  @a概率论
690    @aO211.1@v1
701  0 @a严士健@4著
801    @aCN@bTSTC@c20060630
905    @dO211.1@e24
    
    概率论基础/严士健等著.-北京:科学出版社,1982.08
    483页;20cm.-(现代数学基础丛书)
    
    
    ISBN :CNY2.80
    
●
相关链接 在E读中查询图书 在五车中查询图书 在当当中查询图书 在豆瓣中查询图书


正题名:概率论基础     索取号:O211.1/24         预约/预借

序号 登录号 条形码 馆藏地/架位号 状态 备注
1 0073215   202271148   密集书库/ [索取号:O211.1/24] 在馆    
2 0073216   202271111   密集书库/ [索取号:O211.1/24] 在馆    
3 0073217   202271184   密集书库/ [索取号:O211.1/24] 在馆    
4 0073218   202271157   密集书库/ [索取号:O211.1/24] 在馆    
5 0073219   202271228   密集书库/ [索取号:O211.1/24] 在馆    
6 0073222   202271193   密集书库/ [索取号:O211.1/24] 在馆    
7 0085677   202140290   密集书库/ [索取号:O211.1/24] 在馆    
8 0085678   202307226   密集书库/ [索取号:O211.1/24] 在馆    
9 0085679   202321004   密集书库/ [索取号:O211.1/24] 在馆    
10 0085680   202320979   密集书库/ [索取号:O211.1/24] 在馆    
11 0085681   202307182   密集书库/ [索取号:O211.1/24] 在馆    
12 0085682   202269160   密集书库/ [索取号:O211.1/24] 在馆    
13 0085683   202320960   密集书库/ [索取号:O211.1/24] 在馆    
14 0085684   202140272   密集书库/ [索取号:O211.1/24] 在馆    
15 0085685   202320327   密集书库/ [索取号:O211.1/24] 在馆    
16 0085686   202307191   密集书库/ [索取号:O211.1/24] 在馆    
17 0422061   204220618   密集书库/ [索取号:O211.1/24] 在馆    
唐山师范学院图书馆 欢迎您!
大连网信软件有限公司© 版权所有